Statistics for Twitch Quiz

Click here to take the quiz!

General Stats

  • This quiz has been taken 228 times
    (79 since last reset)
  • The average score is 7 of 12

Answer Stats

HintAnswer% Correct
Which company bought out TwitchAmazon
92%
What Is Twitch used forLive Streaming
92%
Year Twitch was founded2011
85%
What is the name of Twitch's yearly conventionTwitchCon
81%
Average Twitch user age21
79%
What is it called when you "cheer" a streamerBits
69%
Which twitch streamer has the most followers at 18.4 millionNinja
63%
What can you use to subscribe on Twitch for freeTwitch Prime
47%
Twitch is a spinoff of what website?justin.tv
43%
Which streamer peaked at over 3.3 million concurrent viewers?ibai
26%
Creator of TwitchJustin Kan
8%
What is the most used Twitch emoteforsen5G
1%

Score Distribution

Percentile by Number Answered

Percent of People with Each Score

Your Score History

You have not taken this quiz since the last reset